Cuphead Bosses - Statistics

General Stats
  • This quiz has been taken 2 times
  • The average score is 18 of 35
Answer Stats
Stage Boss % Correct
Floral Fury Cagney Carnation
100%
Ruse Of An Ooze Goopy Le Grande
100%
All Bets Are Off! King Dice
100%
One Hell Of A Time The Devil
100%
Sugarland Shimmy Baroness Von Bon Bon
50%
Carnival Kerfuffle Beppi The Clown
50%
High Seas Hi-Jinx! Cala Maria
50%
A Dish To Die For Chef Saltbaker
50%
All Bets Are Off! Chips Bettigan
50%
Pyramid Peril Djimmi The Great
50%
Junkyard Jive! Dr. Kahl's Robot
50%
High-Noon Hoopla Esther Winchester
50%
Gnome Way Out Glumstone The Giant
50%
Fiery Frolic Grim Matchstick
50%
Threatenin' Zeppelin Hilda Berg
50%
All Bets Are Off! Mangosteen
50%
Bootlegger Boogie Moonshine Mob
50%
Snow Cult Scuffle Mortimer Freeze
50%
All Bets Are Off! Mr. Chimes
50%
All Bets Are Off! Mr. Wheezy
50%
Railroad Wrath Phantom Express
50%
All Bets Are Off! Phear Lap
50%
All Bets Are Off! Pip and Dot
50%
Clip Joint Calamity Ribby and Croaks
50%
Honeycomb Herald Rumor Honeybottoms
50%
Dramatic Fanatic Sally Stageplay
50%
Doggone Dogfight The Howling Aces
50%
Botanic Panic! The Root Pack
50%
All Bets Are Off! Tipsy Troop
50%
Aviary Action! Wally Warbles
50%
Murine Corps Werner Werman
50%
One Hell Of A Dream Angel and Demon
0%
Shootin N' Lootin Captain Brineybeard
0%
All Bets Are Off! Hopus Pocus
0%
All Bets Are Off! Pirouletta
0%
No matching quizzes found
Score Distribution
Percent of People with Each Score
Percentile by Number Answered
Your Score History
You have not taken this quiz